Festival de formas en homenaje a Fernando Gamboa, a sus 50 años como museógrafo y difusor de la cultura (Record no. 76)

MARC details
000 -CABECERA
campo de control de longitud fija 00884nam a2200217 a 4500
001 - NÚMERO DE CONTROL
campo de control BRCA_88
005 - FECHA Y HORA DE LA ÚLTIMA TRANSACCIÓN
campo de control 20190320202856.0
008 - DATOS DE LONGITUD FIJA--INFORMACIÓN GENERAL
campo de control de longitud fija 870901s1985 mx-a---###---s010-0#spa-#
040 ## - FUENTE DE LA CATALOGACIÓN
Centro catalogador/agencia de origen DLC
Centro/agencia transcriptor DLC
Centro/agencia modificador DLC
050 #4 - SIGNATURA TOPOGRÁFICA DE LA BIBLIOTECA DEL CONGRESO
Número de clasificación NX430.M4
Número de documento/Ítem .F47 1985
245 10 - MENCIÓN DE TÍTULO
Título Festival de formas en homenaje a Fernando Gamboa, a sus 50 años como museógrafo y difusor de la cultura
Mención de responsabilidad, etc. José Luis Cuevas ...[et al.].
260 ## - PUBLICACIÓN, DISTRIBUCIÓN, ETC.
Lugar de publicación, distribución, etc. México
Nombre del editor, distribuidor, etc. UAM
Fecha de publicación, distribución, etc. 1985
300 ## - DESCRIPCIÓN FÍSICA
Extensión 133 p.
Otras características físicas il. (algunas a color)
Dimensiones 26 cm.
500 ## - NOTA GENERAL
Nota general catálogo de la exposición realizada en la Galería Metropolitana (Ciudad de México), 11-30 de noviembre, 1985
500 ## - NOTA GENERAL
Nota general Título de la cubierta: Fernando Gamboa
600 14 - PUNTO DE ACCESO ADICIONAL DE MATERIA--NOMBRE DE PERSONA
Nombre de persona Gamboa, Fernando
Fechas asociadas al nombre 1909-
Subdivisión general Apreciación
9 (RLIN) 341
650 14 - PUNTO DE ACCESO ADICIONAL DE MATERIA--TÉRMINO DE MATERIA
Término de materia o nombre geográfico como elemento de entrada Festivales de arte
Subdivisión geográfica México
9 (RLIN) 342
650 14 - PUNTO DE ACCESO ADICIONAL DE MATERIA--TÉRMINO DE MATERIA
Término de materia o nombre geográfico como elemento de entrada Arte mexicano
Subdivisión de forma Catálogos
Subdivisión general Exposiciones
9 (RLIN) 343
700 1# - PUNTO DE ACCESO ADICIONAL--NOMBRE DE PERSONA
Nombre de persona Cuevas, José Luis
Fechas asociadas al nombre 1934-
9 (RLIN) 344
942 ## - ELEMENTOS DE PUNTO DE ACCESO ADICIONAL (KOHA)
Fuente del sistema de clasificación o colocación Library of Congress Classification
Tipo de ítem Koha Libros
Holdings
Estado de retiro Estado de pérdida Estado dañado No para préstamo Localización permanente Ubicación/localización actual Fecha de adquisición Total de préstamos Signatura topográfica completa Código de barras Fecha visto por última vez Precio válido a partir de Tipo de ítem Koha
El ejemplar forma parte de la colección y puede ser consultado según las políticas vigentes.       Biblioteca del Museo Franz Mayer (Rogerio Casas-Alatriste) Biblioteca del Museo Franz Mayer (Rogerio Casas-Alatriste) 25/06/2008   NX430.M4 .F47 1985 00083 22/03/2019 22/03/2019 Libros